• 首页
  • 本馆介绍
  • 公告通知
  • 最新文献
  • 馆藏检索
  • 电子资源
  • 读者导购
  • 参考咨询
  • 我的图书馆
  • 登录
  • 详细信息显示
  • 放入我的书架
  • 预约/预借图书
  • 作者相关作品
  • 分类相关作品
  • 丛书相关作品
  • 出版社相关作品

书目信息

  • 表格格式
  • 工作单格式
  • 卡片格式
题名:
液体表面张力尺度效应的模拟计算
    
 
作者: 闫红 著
分册:  
出版信息: 北京   科学出版社  2016.9
页数: 145页
开本: 24cm
丛书名:
单 册:
中图分类: O552.4
科图分类:
主题词: 液体--表面张力效应--尺度效应--研究
电子资源:
ISBN: 978-7-03-049912-7
000 00860nam0 2200229 450
001 0400001156
005 20171014165401.0
010    @a978-7-03-049912-7@dCNY68.00
100    @a20171014e20172016em y0chiy ea
101 0  @achi
102    @aCN@b110000
105    @ay z 001yy
106    @ar
200 1  @a液体表面张力尺度效应的模拟计算@9ye ti biao mian zhang li chi du xiao ying de mo ni ji suan@f闫红著
210    @a北京@c科学出版社@d2016.9@h2017.1
215    @a145页@d24cm
330    @a本书内容包括:分子模拟基本理论介绍;球状液滴表面张力计算方法研究;GTKB方程在纳米尺度下的适用性研究;圆柱形蒸气泡的Tolman长度研究;广义Laplace方程在纳米尺度下的适用性研究;Kelvin方程的修正等。
606 0  @a液体@x表面张力效应@x尺度效应@x研究
690    @aO552.4@v5
701  0 @a闫红@9yan hong@4著
801  0 @aCN@b91MARC@c20171014
905    @b1020171-5@dO552.4@f5@e48
    
    液体表面张力尺度效应的模拟计算/闫红著.-北京:科学出版社,2016.9(2017.1)
    145页;24cm
    
    
    ISBN 978-7-03-049912-7:CNY68.00
    本书内容包括:分子模拟基本理论介绍;球状液滴表面张力计算方法研究;GTKB方程在纳米尺度下的适用性研究;圆柱形蒸气泡的Tolman长度研究;广义Laplace方程在纳米尺度下的适用性研究;Kelvin方程的修正等。
●
相关链接 在E读中查询图书 在五车中查询图书 在当当中查询图书 在豆瓣中查询图书


正题名:液体表面张力尺度效应的模拟计算     索取号:O552.4/48         预约/预借

序号 登录号 条形码 馆藏地/架位号 状态 备注
1 1020171   210201716   第二样本阅览室/ [索取号:O552.4/48] 在馆    
2 1020172   210201725   第三借阅区/ [索取号:O552.4/48] 在馆    
3 1020173   210201734   第三借阅区/ [索取号:O552.4/48] 在馆    
4 1020174   210201743   密集书库-物理学院/ [索取号:O552.4/48] 在馆    
5 1020175   210201752   第三借阅区/ [索取号:O552.4/48] 在馆    
唐山师范学院图书馆 欢迎您!
大连网信软件有限公司© 版权所有